Európska dimenzia riešenia problematiky nezamestnanosti mladých ľudí dizertačná práca

Gespeichert in:
Bibliographische Detailangaben
1. Verfasser: Hulmanová, Margita
Körperschaft: Fakulta medzinárodných vzťahov EU. Katedra medzinárodných politických vzťahov
Weitere Verfasser: Plávková, Oľga
Format: Buch
Sprache:Slowakisch
Veröffentlicht: Bratislava 2012
Schlagworte:
Tags: Tag hinzufügen
Keine Tags, Fügen Sie das erste Tag hinzu!

MARC

LEADER 00000nbm a2200000 4500
001 0159739
005 20240502072752.6
041 0 |a slo 
044 |a SK 
245 1 0 |a Európska dimenzia riešenia problematiky nezamestnanosti mladých ľudí  |b dizertačná práca  |c Margita Hulmanová ; školiteľ: Oľga Plávková 
264 1 |a Bratislava  |c 2012 
300 |a 157 s. 
610 2 0 |a nezamestnanosť 
610 2 0 |a trh práce 
610 2 0 |a Európska únia 
100 1 |a Hulmanová, Margita 
700 1 |a Plávková, Oľga 
710 2 |a Fakulta medzinárodných vzťahov EU. Katedra medzinárodných politických vzťahov